Ingeniería de la automatización industrial / Ramón Piedrafita Moreno (Registro nro. 25940)
[ vista simple ]
| 000 -LÍDER | |
|---|---|
| fixed length control field | 00475nam a2200157 4500 |
| 020 ## - NÚMERO INTERNACIONAL NORMALIZADO PARA LIBROS | |
| ISBN | 970-15-1034-8 |
| 050 ## - SIGNATURA TOPOGRAFICA DE LA BIBLIOTECA DEL CONGRESO (LC) | |
| Número de Clasificación | T56.24 P53 2004 |
| 082 ## - NUMERO DE CLASIFICACION DECIMAL DEWEY | |
| Número de Clasificación | 670.427.5 P54i 2004 |
| 100 ## - ASIENTO PRINCIPAL--NOMBRE PERSONAL | |
| Nombre personal | Piedrafita Moreno, Ramón |
| 245 ## - TÍTULO | |
| Título | Ingeniería de la automatización industrial / Ramón Piedrafita Moreno |
| 250 ## - MENCIÓN DE EDICIÓN | |
| Mención de edición | 2 |
| 260 ## - PUBLICACIÓN, DISTRIBUCIÓN, ETC. (PIE DE IMPRENTA) | |
| Lugar de publicación, distribución, etc. | México : Alfaomega Ra-Ma. |
| 300 ## - DESCRIPCIÓN FÍSICA | |
| Extensión | xxiv, 685p. / 23 cm |
| 500 ## - NOTA GENERAL | |
| Nota general | Incluye cd-rom. |
| 650 ## - ASIENTO SECUNDARIO DE MATERIA - TERMINO TEMÁTICO | |
| Término temático o nombre geográfico como elemento de entrada | 1. INGENIERÍA INDUSTRIAL / 2. AUTOMATIZACIÓN |
| No. biblioteca | No. biblioteca | Número de clasificación | Código de barras/Número de adquisición | Número de copia | Tipo de material |
|---|---|---|---|---|---|
| LUIS G. INCLAN | LUIS G. INCLAN | 670.427.5 P54i 2004 | 49775 | 1 | Libros |
| LUIS G. INCLAN | LUIS G. INCLAN | 670.427.5 P54i 2004 | 49776 | 2 | Libros |
